00613nam a2200169 a 450000100100000000500170001000800410002704000250006808200140009311000860010724500390019326000520023230000200028404900090030495201130031399900170042600002220520200930011628.0100920s1998 dr 000 0 spa d aDO-SdBNPbspacBNPHU axxxbI59c1 aInstituto de Contadores Públicos Autorizados de la República Dominicana9711810aCódigo de ética profesional /. aSanto Domingo :bSomos Artes Gráficas,c1998. a60 p. ;c22 cm. aBNPD 00107-18PDaPDbPDcOId2010-09-20iLF1l0oxxx I59cp22205-10r2020-06-25w2020-06-25yLFPDZNo se presta c21703d21703